| 000 | 00428nam a2200157Ia 4500 | ||
|---|---|---|---|
| 008 | 230312s9999||||xx |||||||||||||| ||und|| | ||
| 020 | _a978-0-7619-6805 | ||
| 082 |
_a001.432 _bTRA-Q |
||
| 100 | _aTravers,Max. | ||
| 245 | 0 | _aQualitative Research Through Case Studies | |
| 260 |
_bSAGE Publications _aLos Angeles _c2001 |
||
| 300 | _a196 | ||
| 546 | _aEng. | ||
| 650 |
_aManagement _vwhat is Qualitative research ? |
||
| 942 | _cBK | ||
| 999 |
_c3310 _d3310 |
||